| 000 | 00470nam a2200145 a 4500 | ||
|---|---|---|---|
| 001 | 000031184 | ||
| 005 | 20200930062746.0 | ||
| 008 | 110614s1924 dr 000 0 spa d | ||
| 040 |
_aDO-SdBNP _bspa _cBNPHU |
||
| 100 | 1 |
_aPensón, A. Maireni _957659 |
|
| 245 | 1 | 3 |
_aEl problema del acueducto de La Romana / _cA. Maireni Pensón. |
| 260 |
_aLa Romana, República Dominicana : _bImprenta Romana, _c1924. |
||
| 300 |
_a1v. con varias paginaciones 0 ; _c22 cm. |
||
| 049 | _aBNPD | ||
| 999 |
_c30676 _d30676 |
||